[Event "Fermi-CRT"]
[Site "?"]
[Date "1999.05.15"]
[Round "?"]
[White "Gomez, G"]
[Black "Bargerstock, D"]
[Result "0-1"]
[WhiteElo "1658"]
[BlackElo "1720"]
[Annotator "Playoff 3"]
[PlyCount "120"]
[EventDate "1999.??.??"]

1. e4 e6 2. d4 d5 3. Nc3 Bb4 4. Bd3 Nf6 5. Bg5 h6 6. Bxf6 Qxf6 7. a3 { } 7...
Bxc3+ 8. bxc3 b6 9. exd5 exd5 10. Qe2+ Qe7 11. Qxe7+ Kxe7 12. Nf3 Ba6 13. O-O
Bxd3 14. cxd3 Nd7 15. Rfe1+ Kd6 16. Re2 Rhe8 17. Rae1 { } 17... Re6 18. Nh4
Rxe2 19. Rxe2 g6 20. f4 c5 21. Nf3 21... Rc8 { } 22. Ne5 Nxe5 23. fxe5+ Ke6 24.
Rf2 f5 25. exf6 25... cxd4 { } 26. f7 Rf8 27. cxd4 Rxf7 28. Rc2 Kd7 29. g3 Rf3
30. Rd2 Kc6 31. a4 { } 31... b5 32. Kg2 Rf6 33. axb5+ Kxb5 34. Rb2+ Kc6 35. Ra2
Kb7 36. Rb2+ Rb6 37. Re2 a5 38. Re7+ Ka6 39. Rd7 a4 40. Rxd5 a3 41. Rd8 Kb5 42.
Rc8 a2 43. Rc1 Ra6 44. Ra1 { } 44... Kc6 45. Kf3 Kd5 46. Ke3 g5 47. g4 Ra4 48.
h3 48... Ra3 { } 49. Kd2 Kxd4 50. Ke2 Ra5 51. Kd2 Ra4 52. Kc2 52... Ra3 { } 53.
Kd2 Rxd3+ 54. Kc2 Rxh3 55. Rd1+ Ke4 56. Kb2 Rh2+ 57. Ka1 Kf4 58. Rd4+ Kg3 59.
Rd2 { } 59... Rh1+ 60. Kxa2 Rh2 0-1

[Event "CRT-Fermi"]
[Site "?"]
[Date "1999.05.15"]
[Round "?"]
[White "Shatsky, V"]
[Black "Staples, C"]
[Result "0-1"]
[WhiteElo "1604"]
[BlackElo "1361"]
[Annotator "Playoff 3"]
[PlyCount "102"]
[EventDate "1999.??.??"]

1. d4 Nf6 2. Nc3 g6 3. e4 d6 4. f4 Bg7 5. h3 O-O 6. Nf3 6... e5 { } 7. fxe5
dxe5 8. Nxe5 Nfd7 9. Nf3 b6 10. Bc4 Bb7 11. O-O 11... Nc6 { } 12. e5 Na5 13.
Bg5 Qe8 14. Bd5 c6 15. Be4 { } 15... f6 16. exf6 Nxf6 17. Bd3 Nd5 18. Ne4 b5
19. c3 Bc8 20. Qd2 Nb7 21. Rad1 21... Qd7 { } 22. Ne5 Qc7 23. Rxf8+ Bxf8 24.
Rf1 Be6 25. Nf6+ Nxf6 26. Bxf6 26... Bg7 { } 27. Bc2 Rf8 28. Bxg7 Rxf1+ 29.
Kxf1 Kxg7 30. Qg5 Qd8 31. Qf4 Bd5 32. Bb3 Bxb3 33. axb3 Qd5 34. b4 Nd6 35. Qg5
35... Nf5 { } 36. Qf4 Qa2 37. Qf2 Qb1+ 38. Qe1 Qxb2 39. Nxc6 Qa2 40. Qe5+ 40...
Kh6 { } 41. Qf4+ Kg7 42. Qe5+ Kh6 43. g4 Ng3+ 44. Qxg3 Qc4+ 45. Kf2 45... Qxc6
{ } 46. Ke3 Qxc3+ 47. Kf4 Qxd4+ 48. Kf3 Qxb4 49. g5+ 49... Kg7 { } 50. Kf2 Qc5+
51. Kg2 a5 0-1

[Event "Aces-UOP"]
[Site "?"]
[Date "1999.05.15"]
[Round "?"]
[White "Reyes, R"]
[Black "Stevanovich, M"]
[Result "1-0"]
[WhiteElo "2377"]
[BlackElo "2216"]
[Annotator "Playoff 3"]
[PlyCount "83"]
[EventDate "1999.??.??"]

1. c4 f5 2. Nc3 Nf6 3. g3 g6 4. Bg2 d6 5. d3 Bg7 6. e4 Nc6 7. Nge2 fxe4 8. dxe4
Ne5 9. f4 { } 9... Nc6 10. O-O Be6 11. Nd5 Bg4 12. h3 Bxe2 13. Qxe2 Nh5 14. Kh2
e6 15. Nc3 { } 15... Nd4 16. Qd1 e5 17. f5 Nf6 18. Be3 gxf5 19. exf5 19... c6 {
} 20. Ne4 Nxe4 21. Qh5+ Kd7 22. Bxe4 Qe8 23. Qxe8+ 23... Raxe8 { } 24. f6 Bf8
25. g4 h6 26. h4 d5 27. cxd5 cxd5 28. Bxd5 { } 28... Nc2 29. Bxa7 Nxa1 30. Rxa1
30... Rc8 { } 31. Be4 Rc4 32. Rd1+ Kc7 33. Bf5 Bd6 34. Bf2 Rb4 35. b3 h5 36.
Rc1+ 36... Kb8 { } 37. a3 Rxb3 38. Rd1 Bc7 39. Be6 Rb2 40. Kg1 hxg4 41. f7 Rc2
42. Bf5 { } 1-0

[Event "UOP-Aces"]
[Site "?"]
[Date "1999.05.15"]
[Round "?"]
[White "Buerger, E"]
[Black "Jakstas, K"]
[Result "0-1"]
[WhiteElo "2024"]
[BlackElo "2189"]
[Annotator "Playoff 3"]
[PlyCount "58"]
[EventDate "1999.??.??"]

1. d4 c5 2. d5 e5 3. c4 d6 4. Nc3 g6 5. g3 Bg7 6. Bg2 Nh6 7. e4 O-O 8. Nge2 a6
9. O-O { } 9... f6 10. f4 Nf7 11. Be3 Nd7 12. a3 12... Qa5 { } 13. Qa4 Qxa4 14.
Nxa4 b5 15. cxb5 axb5 16. Nac3 16... Rb8 { } 17. b4 cxb4 18. axb4 Nb6 19. Bxb6
Rxb6 20. Ra7 Bg4 21. Rc1 21... Rc8 { } 22. Nb1 Rxc1+ 23. Nxc1 exf4 24. gxf4 Bh6
25. Nd3 { } 25... Be2 26. Bf1 Bxd3 27. Bxd3 Bxf4 28. Ra5 { } 28... Ne5 29. Rxb5
Be3+ 0-1

[Event "Aces-UOP"]
[Site "?"]
[Date "1999.05.15"]
[Round "?"]
[White "Czerniecki, K"]
[Black "Sajbel, P"]
[Result "0-1"]
[WhiteElo "2000"]
[BlackElo "1814"]
[Annotator "Playoff 3"]
[PlyCount "114"]
[EventDate "1999.??.??"]

1. Nf3 d5 2. g3 Nf6 3. Bg2 Nc6 4. d3 e5 5. Nbd2 Bf5 6. O-O Qd7 7. Re1 Bh3 8.
Bh1 O-O-O 9. e4 { } 9... dxe4 10. Nxe4 Nxe4 11. Rxe4 f6 12. a3 g5 13. b4 { }
13... g4 14. Nd2 f5 15. Rc4 Nd4 16. Bb2 Bg7 17. Bxd4 exd4 18. Nb3 b6 19. a4 { }
19... f4 20. Be4 fxg3 21. hxg3 Rhf8 22. a5 b5 23. Rc5 23... Rf6 { } 24. Rd5 Qf7
25. Rxd8+ Kxd8 26. Qe2 Re6 27. Nc5 Re7 28. Qd2 h6 29. Re1 { } 29... Rxe4 30.
Rxe4 30... Qf6 { } 31. Re8+ Kxe8 32. Qe1+ Kf8 33. Ne6+ Kg8 34. Nf4 Qc6 35. Qe2
Bf6 36. Kh2 36... Bg5 { } 37. Qe6+ Qxe6 38. Nxe6 Bd2 39. Nxc7 Bxb4 40. a6 Bf1
41. Nxb5 Bc5 42. Nc7 Be2 43. Nd5 Kg7 44. Kg1 Bd1 45. c4 dxc3 46. Nxc3 46... Bc2
{ } 47. Nd5 Bxd3 48. Nf4 Bc4 49. Kg2 Kf7 50. f3 gxf3+ 51. Kxf3 Bxa6 52. g4 Bb7+
53. Ke2 { } 53... Kf6 54. Kd2 Bd6 55. Nd3 Kg5 56. Ke3 Kxg4 57. Kd4 h5 0-1

[Event "UOP-Aces"]
[Site "?"]
[Date "1999.05.15"]
[Round "?"]
[White "Boldingh, E"]
[Black "Rzeszutko, R"]
[Result "1-0"]
[WhiteElo "1853"]
[BlackElo "1900"]
[Annotator "Playoff 3"]
[PlyCount "77"]
[EventDate "1999.??.??"]

1. e4 d5 2. exd5 Qxd5 3. Nc3 Qa5 4. Nf3 Nf6 5. d4 Bg4 6. h3 Bxf3 7. Qxf3 c6 8.
Bd2 e6 9. Qg3 Nh5 10. Qf3 Nf6 11. Be2 Nbd7 12. Qg3 12... h5 { } 13. Rd1 h4 14.
Qh2 14... Be7 { } 15. Nb5 Qd8 16. Nc7+ Kf8 17. Nxa8 Qxa8 18. O-O Ne4 19. Bf4
Rg8 20. f3 Nef6 21. Rfe1 g5 22. Bd6 Qd8 23. c4 { } 23... Nh5 24. c5 Bxd6 25.
Qxd6+ Qe7 26. Qxe7+ Kxe7 27. Bc4 Ndf6 28. Re5 Nf4 29. b4 a6 30. a4 Nd7 31. Re3
31... f5 { } 32. d5 cxd5 33. Bxd5 g4 34. fxg4 fxg4 35. hxg4 Nxd5 36. Rxd5 36...
Rxg4 { } 37. Rh5 Rxb4 38. Rh7+ Kd8 39. Rd3 1-0

[Event "Aces-UOP"]
[Site "?"]
[Date "1999.05.15"]
[Round "?"]
[White "Golla, R"]
[Black "Lechnick, J"]
[Result "0-1"]
[WhiteElo "1914"]
[BlackElo "1811"]
[Annotator "Playoff 3"]
[PlyCount "108"]
[EventDate "1999.??.??"]

1. Nf3 d5 2. c4 dxc4 3. e3 b5 4. a4 c6 5. b3 Be6 6. Nd4 { } 6... Bd5 7. axb5
cxb5 8. bxc4 bxc4 9. Nc3 e6 10. Nxd5 exd5 11. Qf3 11... Nf6 { } 12. Bxc4 Be7
13. Bb5+ Nbd7 14. Bc6 O-O 15. O-O { } 15... Ne5 16. Qe2 Rc8 17. Ba4 Qc7 18. f4
Nc4 19. d3 Nb6 20. Bb5 Bc5 21. Nc6 Ra8 22. d4 22... Bd6 { } 23. Ne5 Ne4 24. Bb2
f6 25. Rfc1 Qe7 26. Nc6 Qf7 27. Ba6 Kh8 28. Rc2 { } 28... g5 29. f5 Qd7 30. g4
h5 31. Bd3 Rfc8 32. Bb5 32... a6 { } 33. Ne5 Qxb5 34. Ng6+ Kg7 35. Qxb5 axb5
36. Rxc8 Rxc8 37. Ra7+ Rc7 38. Rxc7+ Bxc7 39. gxh5 { } 39... Nd2 40. Kg2 Ndc4
41. Bc1 Bd6 42. h4 b4 43. hxg5 43... fxg5 { } 44. e4 dxe4 45. Bxg5 Nd7 46. h6+
Kh7 47. Kf2 b3 48. Bc1 Ba3 49. Bxa3 49... Nxa3 { } 50. Ne5 Nf6 51. d5 Nxd5 52.
f6 52... Nxf6 { } 53. Ke3 b2 54. Kf4 b1=Q 0-1

[Event "UOP-Aces"]
[Site "?"]
[Date "1999.05.15"]
[Round "?"]
[White "Micklich, F"]
[Black "Franek, M"]
[Result "0-1"]
[WhiteElo "1451"]
[BlackElo "1772"]
[Annotator "Playoff 3"]
[PlyCount "72"]
[EventDate "1999.??.??"]

1. e4 e5 2. Bc4 Nf6 3. d3 Bc5 4. Nc3 Nc6 5. f4 exf4 6. Bxf4 d6 7. Nf3 7... Bg4
{ } 8. Na4 Bb6 9. Nxb6 axb6 10. O-O Ne5 11. Bb3 O-O 12. Qe2 { } 12... Nxf3+ 13.
gxf3 Bh3 14. Rfe1 Nh5 15. Be3 Kh8 16. Qf2 { } 16... f5 17. Kh1 fxe4 18. dxe4
Qf6 19. f4 Nxf4 20. Qg3 { } 20... Bg2+ 21. Kg1 Bxe4 22. c3 d5 23. Bd4 Qg6 24.
Qxg6 Nxg6 25. h4 Nxh4 26. Re3 26... Nf3+ { } 27. Rxf3 Rxf3 28. Kh2 c5 29. Be5
Re8 30. Bg3 Re6 31. Re1 Rh6+ 32. Kg2 32... Rg6 { } 33. Bxd5 Rfxg3+ 34. Kf2 Rg2+
35. Ke3 Bxd5 36. Kf4 36... Rf6+ { } 0-1

[Event "Exemplars-Tyros"]
[Site "?"]
[Date "1999.05.15"]
[Round "?"]
[White "Inumerable, F"]
[Black "Tamez, I"]
[Result "0-1"]
[WhiteElo "2289"]
[BlackElo "2211"]
[Annotator "Playoff 3"]
[PlyCount "114"]
[EventDate "1999.??.??"]

1. d4 d5 2. c4 e6 3. Nf3 Nf6 4. Nc3 Be7 5. Bf4 c6 6. e3 O-O 7. Bd3 Nbd7 8. Qc2
a6 9. a4 dxc4 10. Bxc4 10... c5 { } 11. dxc5 Bxc5 12. O-O Nh5 13. Bg5 Be7 14.
Bxe7 Qxe7 15. Rfd1 Nhf6 16. e4 16... e5 { } 17. Nd5 Nxd5 18. Rxd5 Kh8 19. Rad1
f6 20. Bb3 Nb8 21. Rc5 Nc6 22. Bd5 Bd7 23. Qc3 Rfc8 24. Rc1 { } 24... Nd8 25.
b3 Rxc5 26. Qxc5 Qxc5 27. Rxc5 Rc8 28. Rxc8 Bxc8 29. Kf1 Be6 30. Ke2 Kg8 31.
Kd3 Kf7 32. a5 Ke7 33. Kc4 Kd6 34. b4 { } 34... Bd7 35. Nd2 Bc6 36. Nb3 Ne6 37.
Nc5 Bb5+ 38. Kc3 Nxc5 39. bxc5+ Kxc5 40. Bxb7 { } 40... Bf1 41. g3 Kb5 42. f4
exf4 43. gxf4 Bg2 44. Bd5 44... f5 { } 45. Bc4+ Kxa5 46. e5 Kb6 47. Kd4 a5 48.
Bf7 a4 49. e6 a3 50. e7 50... Bc6 { } 51. h4 Be8 52. Ba2 Kc6 53. Ke5 Kd7 54.
Kd4 Kxe7 55. Kc3 Bf7 56. Bxf7 Kxf7 57. Kb3 { } 57... Kg6 0-1

[Event "Tyros-Exemplars"]
[Site "?"]
[Date "1999.05.15"]
[Round "?"]
[White "Buchner, B"]
[Black "Gazmen, B"]
[Result "1/2-1/2"]
[WhiteElo "2044"]
[BlackElo "2074"]
[Annotator "Playoff 3"]
[PlyCount "56"]
[EventDate "1999.??.??"]

1. Nf3 g6 2. g3 Bg7 3. Bg2 d5 4. O-O Nf6 5. d3 O-O 6. Nbd2 Nc6 7. e4 dxe4 8.
dxe4 Bg4 9. c3 9... Qc8 { } 10. Qe1 Bh3 11. a4 Rd8 12. Nc4 Bxg2 13. Kxg2 13...
Qe6 { } 14. Ncd2 Bh6 15. Qe2 Rd7 16. Re1 Rad8 17. Nc4 Bxc1 18. Raxc1 h6 19. Rc2
Rd3 20. b3 20... Nh5 { } 21. Nd4 R3xd4 22. cxd4 Nxd4 23. Qd1 Nxc2 24. Qxd8+ Kh7
25. Re2 { } 25... Nf4+ 26. gxf4 Qg4+ 27. Kf1 { } 27... Qh3+ 28. Kg1 Qg4+
1/2-1/2

[Event "Exemplars-Tyros"]
[Site "?"]
[Date "1999.05.15"]
[Round "?"]
[White "Weber, L"]
[Black "Diaz, P"]
[Result "1-0"]
[WhiteElo "2152"]
[BlackElo "1992"]
[Annotator "Playoff 3"]
[PlyCount "69"]
[EventDate "1999.??.??"]

1. d4 d5 2. c4 e6 3. Nf3 Nf6 4. e3 c6 5. a3 Nbd7 6. Bd3 b6 7. O-O Bb7 8. Nc3
Rc8 9. Bd2 Be7 10. Rc1 10... O-O { } 11. cxd5 cxd5 12. Qa4 a6 13. Na2 b5 14.
Qb3 14... Qb6 { } 15. Bb4 Bxb4 16. Qxb4 Rfe8 17. h3 h6 18. Rxc8 Rxc8 19. Rc1
Rxc1+ 20. Nxc1 Qc7 21. Nb3 21... Nb6 { } 22. Qa5 Nfd7 23. Qb4 g6 24. Qe7 { }
24... Nc8 25. Qb4 Qd6 26. Nc5 Nxc5 27. dxc5 Qc7 28. Qd4 Ne7 29. Ne5 Nc6 30.
Nxc6 30... Bxc6 { } 31. f4 h5 32. b4 Kf8 33. Qf6 Ke8 34. Qh8+ Kd7 35. Qf8 1-0

[Event "Tyros-Exemplars"]
[Site "?"]
[Date "1999.05.15"]
[Round "?"]
[White "Stoltz, R"]
[Black "Friske, T"]
[Result "0-1"]
[WhiteElo "1886"]
[BlackElo "1976"]
[Annotator "Playoff 3"]
[PlyCount "112"]
[EventDate "1999.??.??"]

1. e4 Nf6 2. Nc3 d5 3. exd5 Nxd5 4. Nf3 Bf5 5. a3 e6 6. d4 Be7 7. Be2 O-O 8.
O-O 8... c5 { } 9. Nxd5 Qxd5 10. c3 Nc6 11. Be3 11... c4 { } 12. Nd2 b5 13. Bf3
Qd7 14. Ne4 14... Rac8 { } 15. Ng3 Bd3 16. Be2 Bg6 17. Bh5 Rfd8 18. Bxg6 hxg6
19. Qg4 { } 19... e5 20. Qxd7 Rxd7 21. dxe5 21... Nxe5 { } 22. Ne2 Nd3 23. Nd4
a6 24. Rfb1 Nc5 25. g3 Bf6 26. Re1 Kf8 27. Re2 Nd3 28. Rb1 Re7 29. Rc2 Nc5 30.
Kf1 Re5 31. Kg2 Rd5 32. Kf1 { } 32... Bxd4 33. Bxd4 Nb3 34. Be3 Ke7 35. Re1 Kd7
36. Rce2 Kc6 37. h4 37... Rcd8 { } 38. Bf4 Kb6 39. Re7 R5d7 40. R7e2 Ka5 41.
Be3 Rd5 42. Bf4 Ka4 43. Re7 R8d7 44. Re8 Nc5 45. Ra8 Kb3 46. Re2 { } 46... Nd3
47. Rxa6 Nxb2 48. Be5 f6 49. Bd4 { } 49... Na4 50. Re3 Kxa3 51. Ke1 51... Kb2 {
} 52. Rxa4 bxa4 53. Re2+ Kb3 54. Kd1 a3 55. Kc1 a2 56. Rb2+ 56... Ka3 { } 0-1

[Event "Exemplars-Tyros"]
[Site "?"]
[Date "1999.05.15"]
[Round "?"]
[White "Sollano, E"]
[Black "Brozovich, J"]
[Result "1-0"]
[WhiteElo "1975"]
[BlackElo "1782"]
[Annotator "Playoff 3"]
[PlyCount "121"]
[EventDate "1999.??.??"]

1. Nf3 d5 2. c4 e6 3. g3 Be7 4. Bg2 Nc6 5. O-O 5... h5 { } 6. cxd5 exd5 7. Nc3
h4 8. d4 hxg3 9. fxg3 Bh3 10. Qb3 Bxg2 11. Kxg2 Qc8 12. Nxd5 Qh3+ 13. Kg1 13...
O-O-O { } 14. Be3 Bd6 15. Kf2 Bxg3+ 16. hxg3 { } 16... Qf5 17. Nf4 g5 18. Qd3
Qf6 19. Ng2 19... Rd5 { } 20. Qe4 Nge7 21. Qg4+ Kb8 22. Bxg5 Qg7 23. Ne3 { }
23... f5 24. Qf4 24... Ng6 { } 25. Nxf5 Qf8 26. Qe4 Rxf5 27. Kg2 27... Qf7 { }
28. Ne5 Rxe5 29. dxe5 Qe6 30. Qf5 Qd5+ 31. e4 { } 31... Qg8 32. e6 Qe8 33. Qf7
Nge5 34. Qxe8+ Rxe8 35. e7 { } 35... Ng6 36. Rf7 Ncxe7 37. Bxe7 Nxe7 38. Raf1
Kc8 39. Rf8 Rxf8 40. Rxf8+ Kd7 41. Rf7 Ke6 42. Rh7 c5 43. Kf3 b5 44. Ke3 a5 45.
g4 a4 46. b3 axb3 47. axb3 c4 48. bxc4 48... bxc4 { } 49. g5 Ng6 50. Ra7 Ne5
51. Ra6+ Kf7 52. Kf4 Ng6+ 53. Kf5 Ne7+ 54. Ke5 54... c3 { } 55. Ra2 Kg6 56. Kf4
Kh5 57. Rh2+ Kg6 58. Rc2 Kh5 59. Rxc3 { } 59... Ng6+ 60. Kf5 Nh4+ 61. Kf6 1-0

[Event "Fermi-CRT"]
[Site "?"]
[Date "1999.05.15"]
[Round "?"]
[White "Speigel, L"]
[Black "Murphy, J"]
[Result "0-1"]
[WhiteElo "2026"]
[BlackElo "1999"]
[Annotator "Playoff 3"]
[PlyCount "87"]
[EventDate "1999.??.??"]

1. e4 e5 2. Nf3 Nc6 3. Bc4 Bc5 4. O-O Nf6 5. d4 { } 5... Bxd4 6. Nxd4 Nxd4 7.
f4 d6 8. c3 { } 8... Bg4 9. Qd2 Nc6 10. f5 10... Bh5 { } 11. h3 Nxe4 12. Qe3
Qh4 13. Bd5 13... Ng3 { } 14. Bxc6+ bxc6 15. Rf2 g6 16. fxg6 hxg6 17. Na3 { }
17... Bg4 18. Qg5 Ne2+ 19. Kf1 Nxc1 20. Qxh4 Rxh4 21. Rxc1 21... Be6 { } 22. c4
f5 23. b3 a5 24. c5 d5 25. Nc2 a4 26. b4 d4 27. Re1 Re4 28. g4 Rxe1+ 29. Kxe1
Ke7 30. Kd2 { } 30... fxg4 31. Re2 Kf6 32. hxg4 Bxa2 33. Rh2 Kg5 34. Rh7 Ra7
35. Re7 Kf4 36. Ne1 36... e4 { } 37. Ng2+ Kg3 38. Ne1 Bd5 39. Rg7 { } 39... a3
40. Rxg6 Kf4 41. Rf6+ Ke5 42. Rh6 d3 43. Rh5+ Kd4 44. Rh4 { } 0-1

[Event "Tyros-Exemplars"]
[Site "?"]
[Date "1999.05.15"]
[Round "?"]
[White "Stein, P"]
[Black "Benesa, A"]
[Result "1-0"]
[WhiteElo "2345"]
[BlackElo "2287"]
[Annotator "Playoff 3"]
[PlyCount "53"]
[EventDate "1999.??.??"]

1. e4 c5 2. Nc3 d6 3. f4 e6 4. Nf3 Nf6 5. Bb5+ Bd7 6. Bxd7+ Qxd7 7. d3 { } 7...
Qc7 8. O-O a6 9. e5 9... Nfd7 { } 10. f5 exf5 11. e6 Nf6 12. Ng5 fxe6 13. Nxe6
Qd7 14. Re1 Kf7 15. Bg5 15... Be7 { } 16. Bxf6 Bxf6 17. Nd5 Be5 18. Ng5+ Kg6
19. Nf3 19... Qd8 { } 20. Rxe5 Nc6 21. Nf4+ Kf6 22. Re6+ Kf7 23. h4 h6 24. h5 {
} 24... Ne5 25. d4 Nxf3+ 26. Qxf3 Qb6 27. Nd5 { Bl flagged} 1-0

[Event "CCDOC-Tyros"]
[Site "?"]
[Date "1999.05.05"]
[Round "?"]
[White "Williams, K"]
[Black "Tamez, I"]
[Result "1/2-1/2"]
[WhiteElo "1989"]
[BlackElo "2181"]
[Annotator "Playoff 1"]
[PlyCount "80"]
[EventDate "1999.??.??"]

1. e4 c5 2. Nf3 d6 3. Bc4 Nc6 4. c3 Nf6 5. Qe2 d5 6. exd5 Nxd5 7. d3 e6 8. a4
Be7 9. O-O 9... O-O { } 10. Na3 Bf6 11. Rd1 Re8 12. Be3 Nxe3 13. Qxe3 Qe7 14.
Nb1 b6 15. Nbd2 { } 15... g6 16. Ne4 Bg7 17. Bb5 Bd7 18. h3 a6 19. Bxc6 Bxc6
20. a5 { } 20... f5 21. Ned2 b5 22. Nb3 Bxf3 23. Qxf3 23... Rac8 { } 24. d4
cxd4 25. Nxd4 e5 26. Nc6 Qe6 27. Nb4 e4 28. Qe2 Be5 29. Qd2 29... Bc7 { } 30.
Qd5 Qxd5 31. Rxd5 Re6 32. Rd7 g5 33. Nd5 Bd8 34. g4 f4 35. Kf1 h6 36. Ke2 Kf8
37. Rd1 37... Ke8 { } 38. Rxd8+ Kxd8 39. Nxf4+ Ke7 40. Nxe6 40... Kxe6 { }
1/2-1/2

[Event "Tyros-CCDOC"]
[Site "?"]
[Date "1999.05.05"]
[Round "?"]
[White "Buchner, B"]
[Black "Alexander, W"]
[Result "1/2-1/2"]
[WhiteElo "2022"]
[BlackElo "1712"]
[Annotator "Playoff 1"]
[PlyCount "110"]
[EventDate "1999.??.??"]

1. Nf3 d5 2. g3 c5 3. Bg2 Nc6 4. O-O Bf5 5. d3 Nf6 6. Nbd2 e6 7. c3 h6 8. Qe1
Be7 9. e4 Bh7 10. Qe2 dxe4 11. dxe4 e5 12. Ne1 O-O 13. a4 13... Qc7 { } 14. Nc4
Rad8 15. f4 Nd7 16. f5 Nb6 17. Nxb6 Qxb6 18. Qg4 { } 18... Na5 19. f6 Bxf6 20.
Bxh6 Bg6 21. Be3 Nc4 22. Bc1 Nd2 23. Rf2 { } 23... c4 24. Qe2 Bg5 25. Nc2 Rd3
26. Nb4 { } 26... Be3 27. Nxd3 cxd3 28. Qe1 Bxf2+ 29. Qxf2 Qxf2+ 30. Kxf2 Nb3
31. Rb1 d2 32. Bxd2 Nxd2 33. Rd1 Nxe4+ 34. Ke3 { } 34... f5 35. Rd7 Rf7 36. Rd5
Re7 37. a5 Kf7 38. c4 Nf6 39. Rb5 e4 40. h3 Rc7 41. Bf1 Nh5 42. g4 fxg4 43.
hxg4 Ng3 44. Bg2 44... Rd7 { } 45. Kf4 Ne2+ 46. Ke5 Nd4 47. Rc5 Nc6+ 48. Kf4
Nb4 49. Rb5 Nd3+ 50. Ke3 { } 50... Kf6 51. g5+ Ke6 52. Bh3+ Ke7 53. Bxd7 Kxd7
54. Rxb7+ Ke6 55. Rxa7 55... Nxb2 { } 1/2-1/2

[Event "CCDOC-Tyros"]
[Site "?"]
[Date "1999.05.05"]
[Round "?"]
[White "Seaton, E"]
[Black "Diaz, P"]
[Result "0-1"]
[WhiteElo "1612"]
[BlackElo "1978"]
[Annotator "Playoff 1"]
[PlyCount "86"]
[EventDate "1999.??.??"]

1. e4 c5 2. Nf3 e6 3. Nc3 Nc6 4. Bc4 Nf6 5. a3 d6 6. d4 cxd4 7. Nxd4 Be7 8. Nf3
a6 9. Bd3 b5 10. Qe2 Qc7 11. Bf4 { } 11... e5 12. Bg5 Be6 13. Nh4 Nd4 14. Qd1
Qb7 15. Ne2 Nxe2 16. Qxe2 Rc8 17. h3 O-O 18. O-O 18... Rfe8 { } 19. Nf5 Bxf5
20. exf5 Nd7 21. Bxe7 Rxe7 22. b4 Nf6 23. f3 d5 24. Qd2 { } 24... e4 25. fxe4
dxe4 26. Be2 Qb6+ 27. Kh1 Rd7 28. Qc1 Rdc7 29. Ra2 Nd5 30. Rb2 { } 30... Ne3
31. Rf4 Rxc2 32. Rxc2 Rxc2 33. Qe1 { } 33... Nxg2 34. Kxg2 Qe3 35. Rf2 { }
35... Rc1 36. Qxc1 Qxc1 37. Bg4 g6 38. f6 h5 39. Bd7 Qxa3 40. Bc6 Qxb4 41. Re2
Qd6 42. Bxe4 Qxf6 43. Bd5 { } 43... Qg5+ 0-1

[Event "Tyros-CCDOC"]
[Site "?"]
[Date "1999.05.05"]
[Round "?"]
[White "Stoltz, B"]
[Black "Hall, A"]
[Result "1-0"]
[WhiteElo "1857"]
[BlackElo "1550"]
[Annotator "Playoff 1"]
[PlyCount "57"]
[EventDate "1999.??.??"]

1. e4 e5 2. Nf3 Nc6 3. Bb5 d6 4. O-O a6 5. Ba4 Bd7 6. c3 Nf6 7. Re1 Be7 8. h3
O-O 9. Bc2 { } 9... Nb8 10. d3 c5 11. Nbd2 h6 12. Nf1 Be6 13. Ng3 { } 13... Nh7
14. Nf5 Bxf5 15. exf5 Ng5 16. Nh2 Nc6 17. Qg4 Bf6 18. Re3 d5 19. Rg3 { } 19...
Kh7 20. h4 Qe7 21. hxg5 Bxg5 22. Bxg5 Qxg5 23. Qxg5 hxg5 24. Rxg5 f6 25. Rh5+
Kg8 26. Nf3 { } 26... d4 27. Bb3+ Rf7 28. Nh4 28... Na5 { } 29. Ng6 1-0

[Event "CCDOC-Tyros"]
[Site "?"]
[Date "1999.05.05"]
[Round "?"]
[White "Jackson, S"]
[Black "Smith, B"]
[Result "0-1"]
[WhiteElo "1393"]
[BlackElo "1585"]
[Annotator "Playoff 1"]
[PlyCount "132"]
[EventDate "1999.??.??"]

1. e4 c5 2. Bc4 Nc6 3. a3 Nf6 4. Nc3 d6 5. d3 Bg4 6. Nge2 g6 7. O-O Bg7 8. f3
Bd7 9. Ng3 9... O-O { } 10. Nce2 a6 11. Bd2 b5 12. Ba2 Qb6 13. Be3 b4 14. Rb1
a5 15. c3 15... Rfb8 { } 16. Nc1 Qb7 17. h3 a4 18. cxb4 cxb4 19. axb4 Nxb4 20.
Bd2 Nxa2 21. Nxa2 Qb3 22. Nc3 Be6 23. Nge2 { } 23... Qxd1 24. Rfxd1 Bb3 25.
Rdc1 Nd7 26. d4 Nb6 27. f4 Nc4 28. Be1 Rb7 29. e5 dxe5 30. fxe5 { } 30... Bh6
31. Rd1 Bxd1 32. Nxd1 Na3 33. bxa3 Rxb1 34. Nec3 Ra1 35. Kf1 Rxa3 36. Nb2 e6
37. g4 37... Bf8 { } 38. Nbxa4 R3xa4 39. Nxa4 Rxa4 40. Bf2 Ra3 41. h4 Bb4 42.
h5 gxh5 43. gxh5 Rh3 44. h6 44... Rxh6 { } 45. Be3 Rh4 46. Ke2 Re4 47. Kd3
Rxe3+ 48. Kxe3 Kg7 49. d5 exd5 50. Kd4 h5 51. Kxd5 Kg6 52. e6 fxe6+ 53. Kxe6 h4
54. Ke5 h3 55. Kf4 h2 56. Ke4 h1=Q+ 57. Kd4 Qc6 58. Ke5 Qc3+ 59. Kf4 Qc5 60.
Kf3 Kg5 61. Kg3 Qf5 62. Kg2 Kg4 63. Kh1 Qf3+ 64. Kg1 Bc5+ 65. Kh2 Qg3+ 66. Kh1
Qg1# 0-1

[Event "Tyros-CCDOC"]
[Site "?"]
[Date "1999.05.05"]
[Round "?"]
[White "Thomas, G"]
[Black "Rojo, V"]
[Result "1-0"]
[WhiteElo "1544"]
[BlackElo "1373"]
[Annotator "Playoff 1"]
[PlyCount "69"]
[EventDate "1999.??.??"]

1. e4 e5 2. Bc4 Bc5 3. Nf3 Nc6 4. a3 h6 5. Nc3 Nf6 6. d3 d6 7. h3 Bd7 8. O-O
8... Qe7 { } 9. Nd5 Nxd5 10. Bxd5 O-O-O 11. c3 g5 12. b4 Bb6 13. a4 13... a6 { 
} 14. b5 Nb8 15. bxa6 Nxa6 16. Rb1 c6 17. Bxc6 Bxc6 18. Rxb6 { } 18... f6 19.
Ba3 g4 20. Nd2 Nc5 21. Bxc5 dxc5 22. Qc2 22... h5 { } 23. h4 f5 24. g3 fxe4 25.
Nxe4 Bxe4 26. dxe4 Qc7 27. Rfb1 Qd7 28. Qb3 Rh7 29. a5 Rf8 30. a6 { } 30... Kb8
31. Rxb7+ Qxb7 32. axb7 Rhf7 33. Qd5 Rxf2 34. Qd8+ Ka7 35. Qa8+ 1-0

[Event "Dragons-Tyros"]
[Site "?"]
[Date "1999.??.??"]
[Round "?"]
[White "Altshuller, D"]
[Black "Buchner, R"]
[Result "0-1"]
[WhiteElo "1795"]
[BlackElo "2022"]
[PlyCount "112"]
[EventDate "1999.??.??"]

1. e4 c5 2. Nf3 d6 3. d4 cxd4 4. Nxd4 Nf6 5. Nc3 a6 6. f4 e5 7. Nf3 Nbd7 8. a4
Qc7 9. Bd3 Be7 10. O-O Nc5 11. Kh1 Bg4 12. f5 d5 13. Qe1 d4 14. Nd5 Nxd5 15.
exd5 Bxf3 16. Rxf3 Nxd3 17. cxd3 Qd6 18. Qg3 Rg8 19. Bg5 O-O-O 20. Rc1+ Kb8 21.
Rf2 Qxd5 22. Rfc2 Bd6 23. Qe1 Rc8 24. Kg1 Rxc2 25. Rxc2 Rc8 26. Rxc8+ Kxc8 27.
Qc1+ Qc5 28. Qd2 Qb4 29. Qc2+ Kb8 30. Kf2 Bc7 31. g4 Ba5 32. Kf3 f6 33. Bh4 h6
34. Bf2 Qd2 35. Qxd2 Bxd2 36. Ke4 Kc7 37. Kd5 Kd7 38. h4 b6 39. h5 a5 40. b3
Bc1 41. Bg1 Bd2 42. Bf2 Bc1 43. Bg1 Bd2 44. Bf2 Bc3 45. Bg1 Be1 46. Bh2 Bf2 47.
Kc4 Kc6 48. b4 axb4 49. Kxb4 Be1+ 50. Kc4 Bf2 51. Kb4 Kd5 52. Kb3 Kc5 53. Ka3
e4 54. dxe4 d3 55. Bf4 Kd4 56. Bd2 Be3 0-1

[Event "Tyros-Dragons"]
[Site "?"]
[Date "1999.??.??"]
[Round "?"]
[White "Diaz, P"]
[Black "Christian, R"]
[Result "1-0"]
[WhiteElo "1978"]
[BlackElo "1776"]
[PlyCount "71"]
[EventDate "1999.??.??"]

1. Nc3 e5 2. e4 Nc6 3. Bc4 Nf6 4. f4 Nxe4 5. Nf3 Nxc3 6. dxc3 d6 7. O-O Be6 8.
Bxe6 fxe6 9. fxe5 Be7 10. exd6 Qxd6 11. Qe2 O-O-O 12. Be3 e5 13. Kh1 h6 14. Nd2
Rhf8 15. Rxf8 Rxf8 16. Rd1 Qe6 17. Qc4 Qxc4 18. Nxc4 Rf5 19. g4 Rf3 20. Kg2 Rf8
21. Re1 a6 22. Re2 Rf7 23. h3 Rf8 24. Bf2 Bf6 25. Bg3 Re8 26. Kf3 Kd7 27. Rd2+
Kc8 28. Ke4 b5 29. Ne3 Bg5 30. Rd3 Rd8 31. Nd5 Bc1 32. b3 b4 33. Nxb4 Nxb4 34.
Rxd8+ Kxd8 35. cxb4 Bb2 36. Bxe5 1-0